000 00555nam a22002057a 4500
003 BUBTL
008 200930b xxu||||| |||| 00| 0 eng d
020 _a978-81-317-2602-0
082 _a519.5/BAB
100 _aNaval, Bajpal
_93562
245 _aBusiness Statistics
_bNaval Bajpal
250 _a1st
260 _aNew Delhi
_bPearson
_cc2010
300 _a[xxix] , 794p . :
_bill . Table , ; 28cm.
500 _aIncludes Index
650 _aStatistics
_9171
856 _k0
_l0
_yDownload
942 _2ddc
_cBK
999 _c6385
_d6385